|
|
|
|
| LEADER |
00000naa2a2200000 4500 |
| 001 |
633175 |
| 005 |
20240208133234.0 |
| 035 |
|
|
|a (RuTPU)RU\TPU\conf\34923
|
| 035 |
|
|
|a RU\TPU\conf\34921
|
| 090 |
|
|
|a 633175
|
| 100 |
|
|
|a 20210705d2021 k y0rusy50 ca
|
| 101 |
0 |
|
|a rus
|
| 102 |
|
|
|a RU
|
| 105 |
|
|
|a y z 101zy
|
| 135 |
|
|
|a drgn ---uucaa
|
| 181 |
|
0 |
|a i
|
| 182 |
|
0 |
|a b
|
| 200 |
1 |
|
|a Ценообразование опционов в рамках модели стохастической волатильности Хестона
|f О. Л. Крицкий, Д. В. Степанян
|
| 203 |
|
|
|a Текст
|c электронный
|
| 225 |
1 |
|
|a Цифровизация, IT и цифровая экономика
|
| 300 |
|
|
|a Заглавие с титульного экрана
|
| 320 |
|
|
|a [Библиогр.: с. 161 (2 назв.)]
|
| 463 |
|
0 |
|0 (RuTPU)RU\TPU\conf\34857
|t Молодежь и современные информационные технологии
|o сборник трудов XVIII Международной научно-практической конференции студентов, аспирантов и молодых учёных, 22-26 марта 2021 г., г. Томск
|f Национальный исследовательский Томский политехнический университет, Инженерная школа информационных технологий и робототехники ; под ред. Н. Г. Маркова [и др.]
|v [С. 160-161]
|d 2021
|
| 610 |
1 |
|
|a электронный ресурс
|
| 610 |
1 |
|
|a труды учёных ТПУ
|
| 610 |
1 |
|
|a ценообразование
|
| 610 |
1 |
|
|a опционы
|
| 610 |
1 |
|
|a стохастическая волатильность
|
| 610 |
1 |
|
|a модель Хестона
|
| 610 |
1 |
|
|a статистическое распределение
|
| 610 |
1 |
|
|a математические модели
|
| 700 |
|
1 |
|a Крицкий
|b О. Л.
|c математик
|c доцент Томского политехнического университета, кандидат физико-математических наук
|f 1976-
|g Олег Леонидович
|3 (RuTPU)RU\TPU\pers\28123
|9 13081
|
| 701 |
|
1 |
|a Степанян
|b Д. В.
|
| 712 |
0 |
2 |
|a Национальный исследовательский Томский политехнический университет
|b Инженерная школа ядерных технологий
|b Отделение экспериментальной физики
|3 (RuTPU)RU\TPU\col\23549
|
| 801 |
|
2 |
|a RU
|b 63413507
|c 20210809
|g RCR
|
| 856 |
4 |
|
|u http://earchive.tpu.ru/handle/11683/68036
|
| 942 |
|
|
|c BK
|